[Event "GEO-chT"]
[Site "Ureki"]
[Date "2015.10.10"]
[Round "6.1"]
[White "Kobakhidze, Irakli"]
[Black "Pantsulaia, Levan"]
[Result "0-1"]
[WhiteElo "1511"]
[BlackElo "2572"]
[PlyCount "52"]
[EventDate "2015.10.05"]
[EventType "team-tourn"]
[EventRounds "7"]
[EventCountry "GEO"]
[SourceTitle "CBM 168 Extra"]
[Source "ChessBase"]
[SourceDate "2015.10.29"]
[SourceVersion "1"]
[SourceVersionDate "2015.10.29"]
[SourceQuality "1"]
[WhiteTeam "Ambrolauri"]
[BlackTeam "Tbilisi"]
[WhiteTeamCountry "GEO"]
[BlackTeamCountry "GEO"]

1. e4 c5 2. Nf3 a6 3. d4 cxd4 4. Nxd4 Nf6 5. Nc3 e5 6. Nb3 Be7 7. Be3 d6 8. Qd2 Ng4 9. 0-0-0 Nxe3 10. fxe3 Be6 11. Nd5 Nc6 12. Kb1 Bg5 13. Be2 Rc8 14. g3 h5 15. Rhf1 h4 16. g4 0-0 17. h3 b5 18. Rf3 Rb8 19. Rdf1 a5 20. c4 bxc4 21. Bxc4 a4 22. Nc1 Qa5 23. Qf2 Qc5 24. Ne7+ Bxe7 25. Bxe6 fxe6 26. Rf7 Qc4 0-1

[Event "GEO-chT"]
[Site "Ureki"]
[Date "2015.10.07"]
[Round "3.3"]
[White "Kobakhidze, Irakli"]
[Black "Gagunashvili, Merab"]
[Result "0-1"]
[WhiteElo "1511"]
[BlackElo "2553"]
[PlyCount "44"]
[EventDate "2015.10.05"]
[EventType "team-tourn"]
[EventRounds "7"]
[EventCountry "GEO"]
[SourceTitle "CBM 168 Extra"]
[Source "ChessBase"]
[SourceDate "2015.10.29"]
[SourceVersion "1"]
[SourceVersionDate "2015.10.29"]
[SourceQuality "1"]
[WhiteTeam "Ambrolauri"]
[BlackTeam "Kakheti"]
[WhiteTeamCountry "GEO"]
[BlackTeamCountry "GEO"]

1. e4 c5 2. Nf3 Nc6 3. c3 d5 4. exd5 Qxd5 5. Be2 e5 6. d3 Nf6 7. 0-0 Be7 8. h3 0-0 9. a4 Bf5 10. Na3 Rad8 11. Ne1 Qe6 12. Be3 Nd5 13. Qc2 Qg6 14. g4 h5 15. Kh1 hxg4 16. Rg1 Qh7 17. Rg3 e4 18. Nc4 Nxe3 19. Rxe3 Bg5 20. dxe4 Bxe3 21. exf5 Qxh3+ 22. Kg1 Qg3+ 0-1